Mini quiz dictateur par image - Statistiques

Statistiques générales
  • Ce quiz a été pris 261 fois
  • Le résultat moyen est 5 sur 6
Statistiques - réponses
Par images Réponse % Correct
Adolf Hitler
100%
Joseph Staline
100%
Kim Jong-un
95%
Benito Mussolini
83%
Francisco Franco
77%
Mobutu Sese Seko
53%
Aucun quiz correspondant
Distribution des résultats
% des personnes avec chaque résultat
Percentile par nombre de réponses
Votre historique - résultats
Vous n’avez pas pris ce quiz